On This Day: February 9th Quiz Stats

Quiz Updated Feb 9, 2018

Challenge
Share
Tweet
Embed
Score 0/7 Timer 03:00
0 Plays Today
Question Answer Wrong Answers
The Beatles make their first appearance on this TV show, performing before an audience of 73 million viewers across the US.
1964
The Ed Sullivan Show
87%
The Sonny & Cher Comedy Hour
1.2%
The Tonight Show With Johnny Carson
6.9%
The Carol Burnett Show
1.4%
This English-American philosopher, author, and activist, who later penned ‘Common Sense’ in 1776, is born.
1737
Thomas Paine
84.7%
Alexander Hamilton
5%
James Madison
2.5%
Benjamin Franklin
7.7%
This man is elected the Provisional President of the Confederate States of America by the Confederate convention at Montgomery, Alabama.
1861
Jefferson Davis
75.7%
Alexander Stephens
1.6%
Robert E. Lee
19.6%
Robert Toombs
1.7%
A referendum for independence from this nation is overwhelmingly approved by voters in Lithuania.
1991
Soviet Union
73.2%
Germany
3.1%
Latvia
13.9%
Poland
5.1%
This pitcher becomes the first Negro League player to be voted into the USA's Baseball Hall of Fame.
1971
Satchel Paige
70%
Josh Gibson
9.2%
Cool Papa Bell
6%
Buck O'Neil
10.4%
After no candidate receives a majority of electoral votes in the US presidential election of 1824, the United States House of Representatives elects this man as President of the United States.
1825
John Quincy Adams
42.4%
Andrew Jackson
23.1%
Martin Van Buren
22.8%
James Monroe
10.7%
William G. Morgan, a YMCA physical education director, creates a game called Mintonette, which soon comes to be referred to as ______.
1895
Volleyball
27.6%
Basketball
16.4%
Badminton
52.3%
Soccer
1.5%

Today's Daily Dose

Missing Word
Anagrams

On This Day
April 23rd II

You're not logged in!

Compare scores with friends on all Sporcle quizzes.
Sign Up with Email
OR
Log In

You Might Also Like...

Show Comments

Extras

Top Quizzes Today


Score Distribution

Your Account Isn't Verified!

In order to create a playlist on Sporcle, you need to verify the email address you used during registration. Go to your Sporcle Settings to finish the process.

Report this User

Report this user for behavior that violates our Community Guidelines.

Details: